|
|
|
|
| LEADER |
00000nab a2200000 ar4500 |
| 001 |
vtls009282186 |
| 003 |
SK-MaSNL |
| 005 |
20260303204127.0 |
| 008 |
080403c2007 xo er|p|||||||000 b|slo |
| 038 |
|
|
|a PPPK
|
| 040 |
|
|
|a PPPKCL
|b slo
|c PPPKCL
|e AACR2
|
| 041 |
0 |
|
|a slo
|
| 044 |
|
|
|a xo
|c SK
|
| 080 |
|
|
|a 630.1
|x (437.6)
|x (234.372.4)
|2 1997
|
| 080 |
|
|
|a 630*4:061.3
|2 1997
|
| 245 |
0 |
0 |
|a Stav tatranských lesov je vážny
|c [autor] (pet)
|
| 300 |
|
|
|b Fotogr.
|
| 611 |
2 |
7 |
|a Fórum pre udržateľnú perspektívu tatranských lesov
|n (2. :
|d 2007 :
|c Tatranská Lomnica, Slovensko)
|2 pppkcl
|9 1196210
|
| 650 |
0 |
7 |
|a lesy
|2 pppkcl
|9 1437
|
| 650 |
0 |
7 |
|a živočíšni škodcovia
|2 pppkcl
|9 28600
|
| 651 |
|
7 |
|a Vysoké Tatry (Poľsko a Slovensko : pohorie)
|2 1997
|9 67729
|
| 651 |
|
7 |
|a Tatranský národný park (Slovensko)
|2 snkbucl
|9 106968
|
| 773 |
0 |
|
|t Tatranský dvojtýždenník
|g Roč. XVIII, č. 18 (2007), s. 11
|
| 852 |
|
|
|a PPPK
|b KIS3GCP
|
| 999 |
|
|
|c 2188564
|d 2190494
|